01002 a2200229 45000010006000000050017000060080041000230030015000640400040000790800036001192450041001552640039001963000019002355050303002540410008005579420007005655900036005721000017006087000024006259990015006499520108006645672820260407155830.0260407a1959 arg spa dAR-UNSa-BCEJYS aAR-UNSa-BCEJYSbspacAR-UNSa-BCEJYS a001(09)xHistoria de la Ciencia10aHistoria y Filosofía de la Ciencia 1aBarcelona :bEdiciones Arielc1959 a399 p.c22 cm. a1. La ciencia primitiva – 2. Los atenienses – 3. Los alejandrinos – 4. La edad media – 5. La geometría celeste – 6. La mecánica celeste – 7. Cambios de perspectiva y de método – 8. Otros desarrollos de los siglos XVII y XVIII – 9. El siglo XIX y la evolución – 10. Epilogo aspa cBK aniveau_biblio:m niveau_hierar:01 aHull, L.W.H.1 aSacristán, Manuel c6022d6022 00104070aBCEJYSbBCEJYSc16d2026-04-07l0o001(09) H913pL20968r2026-04-07 15:58:30w2026-04-07yL